Jornadas colombianas de derecho tributario
Guardat en:
| Autor corporatiu: | |
|---|---|
| Format: | Llibre |
| Idioma: | espanyol |
| Publicat: |
Bogotá
ICDT
1997
|
| Matèries: | |
| Etiquetes: |
Afegir etiqueta
Sense etiquetes, Sigues el primer a etiquetar aquest registre!
|
MARC
| LEADER | 00000nam a2200000 a 4500 | ||
|---|---|---|---|
| 001 | UCT8494 | ||
| 003 | CL-VaPUC | ||
| 005 | 20220315074413.0 | ||
| 008 | 970326e19970000ck 1 spa d | ||
| 082 | 0 | 4 | |a 343.04 |b INS |2 21 |
| 110 | 2 | |a Instituto Colombiano de Derecho Tributatio |e author |9 618213 | |
| 245 | 1 | 0 | |a Jornadas colombianas de derecho tributario |
| 260 | |a Bogotá |b ICDT |c 1997 | ||
| 300 | |a v | ||
| 583 | |a last modification |c 19970326 00:00:00 |k Rodrigo Vera | ||
| 650 | 0 | 0 | |a Derecho tributario |9 258895 |
| 650 | 0 | 0 | |a Congresos |9 257560 |
| 942 | |c BK | ||
| 945 | |a rleighto |d 19970326 00:00:00 | ||
| 546 | |a En Español | ||
| 518 | |p Instituto Colombiano de Derecho Tributatio, 21, Bucaramanga. Santander, Febrero 26, 27 y 28 de 1997 | ||
| 999 | |c 382842 |d 382840 | ||
| 952 | |0 0 |1 0 |4 0 |6 343_040000000000000_INS_1997 |7 0 |8 A |9 504736 |a BIBDER |b BIBDER |d 2020-01-23 |h v.1 |i 3295680 |o 343.04 INS 1997 |p 3295680 |r 2023-01-25 |w 2020-01-23 |y BK |k DER | ||